| 000 | 00367nam a2200109 4500 | ||
|---|---|---|---|
| 245 |
_aSocial structure and mobility in economic development _cedited by Neil J Smelser and Seymour Martin Lipset |
||
| 710 | _aSmelser, Neil J. | ||
| 710 | _aLipset, Seymour Martin | ||
| 260 |
_aLondon _bRoutledge & Kegan Paul _c1966 |
||
| 300 | _aix, 309p.; 24cm. | ||
| 082 |
_a301.44044 _bSME |
||
| 999 |
_c17895 _d17895 |
||